Teoría general de los sistemas (Registro nro. 4579)

Detalles MARC
000 -CABECERA
Campo de control 01021cam a2200265 a 4500
005 - FECHA Y HORA DE LA ULTIMA TRANSACCION
Campo de control 20160206115625.0
008 - ELEMENTOS DE LONGITUD FIJA—INFORMACION GENERAL
Campo de control 990603t 1994mx ad r 0 1 spa d
020 ## - ISBN
ISBN 9583800112
040 ## - FUENTE DE CATALOGACIÓN
Agencia catalogadora original CO-BoPUJ
Agencia transcriptora CO-BoIAVH
Agencia Modificadora CO-BoIAVH
041 1# - IDIOMA
Código de idioma para texto/pista de sonido o título separado Español
044 ## - PAÍS DE PUBLICACIÓN
País de publicación México
082 04 - NUMERO DE CLASIFICACION DECIMAL DEWEY
Número de clasificación 003
Número del ítem B53t
100 1# - ASIENTO PRINCIPAL--NOMBRE PERSONAL
Nombre personal Bertalanffy, Ludwig von
Fechas asociadas con el nombre 1901-1972
9 (RLIN) 57505
245 10 - MENCION DE TITULO
Título Teoría general de los sistemas
Parte restante del título fundamento, desarrollo, aplicaciones
Mención de responsabilidad Ludwig von Bertalanffy ; traducción Juan Antonio Almela Melia
250 ## - MENCION DE EDICION
Mención de edición Primera edición
260 ## - PUBLICACION, DISTRIBUCION, ETC. (PIE DE IMPRENTA)
Lugar de publicación, distribución, etc. México :
Nombre del editor, distribuidor, etc. Fondo de Cultura Económica,
Fecha de publicación, distribución, etc. c1994.
300 ## - DESCRIPCION FISICA
Extensión 311 páginas :
Otros detalles físicos ilustraciones, gráficas ;
Dimensiones 21 x 14 cm.
504 ## - NOTA DE BIBLIOGRAFIA, ETC.
Nota de bibliografía Incluye referencias bibliográficas (página 120)
534 ## - NOTA DE VERSION ORIGINAL
Título del original General system theory : foundations, development, applications.
650 14 - ASIENTO SECUNDARIO DE MATERIA - TERMINO TEMATICO
Término temático o nombre geográfico como elemento de entrada Teoría de sistemas
9 (RLIN) 57506
650 24 - ASIENTO SECUNDARIO DE MATERIA - TERMINO TEMATICO
Término temático o nombre geográfico como elemento de entrada Metodología científica
9 (RLIN) 57507
650 24 - ASIENTO SECUNDARIO DE MATERIA - TERMINO TEMATICO
Término temático o nombre geográfico como elemento de entrada Análisis de sistemas
9 (RLIN) 57508
700 1# - ASIENTO SECUNDARIO - NOMBRE PERSONAL
Nombre personal Almela Melia, Juan Antonio
Término de relación traductor
9 (RLIN) 57509
942 ## - ELEMENTOS ADICIONALES (KOHA)
Sistema de clasificación Dewey Decimal Classification
Tipo de ítem Libro
Existencias
Withdrawn status Lost status Sistema de Clasificación Damaged status No para préstamo Colección Inventariado Ubicación Permanente Ubicación actual Fecha de adquisición Fuente de Valor Valor Total Checkouts Número topográfico Inventario / Código de Barras Date last seen Ejemplar Price effective from Forma de adquisición Tipo de material
    Dewey Decimal Classification     General Inventariado 2017 Bogotá Bogotá 14/06/2005 Instituto 39000.00   LB-003 B53t 019077 04/12/2012 Ej. 1 04/12/2012   Libro